|
|
|
|
| LEADER |
00000cam a22000004a 4500 |
| 001 |
musev2_85671 |
| 003 |
MdBmJHUP |
| 005 |
20230905052811.0 |
| 006 |
m o d |
| 007 |
cr||||||||nn|n |
| 008 |
210112s2021 iau o 00 0 eng d |
| 010 |
|
|
|z 2021001153
|
| 020 |
|
|
|a 9781609387877
|
| 020 |
|
|
|z 9781609387860
|
| 035 |
|
|
|a (OCoLC)1232011332
|
| 040 |
|
|
|a MdBmJHUP
|c MdBmJHUP
|
| 100 |
1 |
|
|a Klaus, Carl H.,
|e author.
|
| 245 |
1 |
4 |
|a The Ninth Decade :
|b An Octogenarian's Chronicle /
|c by Carl Hanna Klaus.
|
| 264 |
|
1 |
|a Iowa City :
|b University of Iowa Press,
|c [2021]
|
| 264 |
|
3 |
|a Baltimore, Md. :
|b Project MUSE,
|c 2021
|
| 264 |
|
4 |
|c ©[2021]
|
| 300 |
|
|
|a 1 online resource (173 pages).
|
| 336 |
|
|
|a text
|b txt
|2 rdacontent
|
| 337 |
|
|
|a computer
|b c
|2 rdamedia
|
| 338 |
|
|
|a online resource
|b cr
|2 rdacarrier
|
| 500 |
|
|
|a Includes index.
|
| 520 |
|
|
|a "Essays, written and collected over ten years, documenting Carl Klaus' 80s. Topics ranging from aging, food, finances, health, reading, writing, Trump, and social upheavals"--
|c Provided by publisher.
|
| 588 |
|
|
|a Description based on print version record.
|
| 600 |
1 |
7 |
|a Klaus, Carl H.
|2 fast
|0 (OCoLC)fst00016130
|
| 600 |
1 |
0 |
|a Klaus, Carl H.
|
| 650 |
|
7 |
|a Older people
|x Conduct of life.
|2 fast
|0 (OCoLC)fst01751880
|
| 650 |
|
7 |
|a English teachers.
|2 fast
|0 (OCoLC)fst00912393
|
| 650 |
|
7 |
|a Aging.
|2 fast
|0 (OCoLC)fst00800293
|
| 650 |
|
0 |
|a English teachers
|z Iowa
|v Biography.
|
| 650 |
|
0 |
|a Old age
|x Psychological aspects.
|
| 650 |
|
0 |
|a Older people
|x Conduct of life.
|
| 650 |
|
0 |
|a Aging.
|
| 651 |
|
7 |
|a Iowa.
|2 fast
|0 (OCoLC)fst01205835
|
| 655 |
|
7 |
|a Biographies.
|2 fast
|0 (OCoLC)fst01919896
|
| 655 |
|
7 |
|a Electronic books.
|2 local
|
| 710 |
2 |
|
|a Project Muse.
|e distributor
|
| 830 |
|
0 |
|a Book collections on Project MUSE.
|
| 856 |
4 |
0 |
|z Texto completo
|u https://projectmuse.uam.elogim.com/book/85671/
|
| 945 |
|
|
|a Project MUSE - Custom Collection
|
| 945 |
|
|
|a Project MUSE - 2021 Complete
|
| 945 |
|
|
|a Project MUSE - 2021 Global Cultural Studies
|